Φορτώνει......

Universal Meat Hygiene in Public Health Care

Λεπτομέρειες βιβλιογραφικής εγγραφής
Κύριος συγγραφέας: Vijender Singh
Γλώσσα:Undetermined
Έκδοση: International book distributing co. 2007
Lucknow
Έκδοση:1st
LEADER 00671nam a2200241Ia 4500
008 141122s9999 xx 000 0 und d
020 |a 8181891929 
040 |c . 
041 |a English 
082 |a BB 
082 |b 666 
100 |a Vijender Singh 
245 |a Universal Meat Hygiene in Public Health Care 
245 |c Vijender Singh 
250 |a  1st  
260 |b International book distributing co. 
260 |b Lucknow 
260 |c 2007 
300 |a 320 Pages 
500 |a SC/ST 
942 |c BB 
999 |c 7608  |d 7608 
952 |0 0  |1 0  |4 0  |6 BB_000000000000000_666  |7 0  |9 7566  |a COVAS  |b COVAS  |d 0000-00-00  |o BB 666  |p BB656   |r 2014-11-26  |w 2014-11-26  |y BB